Hồ Chí Minh văn hóa và đổi mới

Sách sưu tập những bài nghiên cứu có tính hệ thống tiếp cận tư tưởng Hồ Chí Minh từ nhiều phía: chính trị, văn hóa, tư tưởng, đạo đức, truyền thống văn hóa dân tộc và sự giao thoa với văn hóa thế giới....

Descrición completa

Gardado en:
Detalles Bibliográficos
Autor Principal: Nhiếp Nguyệt Nham
Formato: Libro
Idioma:Undetermined
Publicado: Hà Nội Lao động 2001
Những chủ đề:
Các nhãn: Engadir etiqueta
Sen Etiquetas, Sexa o primeiro en etiquetar este rexistro!
Thư viện lưu trữ: Trung tâm Học liệu Trường Đại học Cần Thơ
LEADER 00906nam a2200181Ia 4500
001 CTU_43081
008 210402s9999 xx 000 0 und d
082 |a 324.2597075 
082 |b L120/2001 
100 |a Nhiếp Nguyệt Nham 
245 0 |a Hồ Chí Minh văn hóa và đổi mới 
245 0 |c Nhiếp Nguyệt Nham; Dịch giả: Lê Khánh Trường 
260 |a Hà Nội 
260 |b Lao động 
260 |c 2001 
520 |a Sách sưu tập những bài nghiên cứu có tính hệ thống tiếp cận tư tưởng Hồ Chí Minh từ nhiều phía: chính trị, văn hóa, tư tưởng, đạo đức, truyền thống văn hóa dân tộc và sự giao thoa với văn hóa thế giới. 
650 |a communists - vietnam,ho chi minh 
980 |a Trung tâm Học liệu Trường Đại học Cần Thơ